=LDR 00000nam 2200000 4500 =001 $a INLIS000000000020953 =005 $a 20260701111135 =008 $a 260701################g##########0#eng## =020 ##$$a =035 ##$$a 0010-0726000001 =082 ##$$a 352 =084 ##$$a 352 EDD o =100 1#$$a Keith J. Eddey =245 ##$$a An Outline of Local Government Law $b $c Keith J. Eddey =264 ##$$a $b $c =300 ##$$a 233 halaman $b ilus $c 21,5 cm $e =520 #$$a =650 #$$a Adminsitrasi Negara =700 #$$a =856 ##$$a =csr $a e7833d47b222a5c64c346919160395db